[Event "4NCL Division 2a"]
[Site "Birmingham, ENG ENG"]
[Date "2016.02.14"]
[Round "6.243"]
[White "Brown, Alan M"]
[Black "Niccoli, Tony"]
[Result "0-1"]
[WhiteElo "2065"]
[BlackElo "2200"]
[PlyCount "60"]
[EventDate "2016.02.14"]
[WhiteTeam "MK Phoenix 1"]
[BlackTeam "Celtic Tigers 1"]

1. d4 d5 2. c4 c6 3. Nf3 Nf6 4. e3 e6 5. Bd3 Be7 6. O-O O-O 7. b3 Re8 8. Nbd2
b6 9. Bb2 Bb7 10. Rc1 Nbd7 11. Ne5 Nxe5 12. dxe5 Nd7 13. f4 dxc4 14. Bxc4 b5
15. Be2 Qb6 16. Bd4 c5 17. Bb2 Rad8 18. Qe1 c4 19. Bd4 Bc5 20. Bxc5 Qxc5 21.
Bf3 Bxf3 22. Nxf3 Nb6 23. bxc4 bxc4 24. Nd4 Nd5 25. Nc2 Rb8 26. Kh1 Rb2 27. e4
Nb6 28. Rf3 Rxa2 29. Rh3 Qa5 30. Qd1 Na4 0-1

[Event "4NCL Division 2a"]
[Site "Birmingham, ENG ENG"]
[Date "2016.02.14"]
[Round "6.244"]
[White "Pedersen, Carsten"]
[Black "Habershon, Paul F"]
[Result "1-0"]
[WhiteElo "2148"]
[BlackElo "2035"]
[PlyCount "49"]
[EventDate "2016.02.14"]
[WhiteTeam "Celtic Tigers 1"]
[BlackTeam "MK Phoenix 1"]

1. e4 Nf6 2. Nc3 d5 3. e5 Ne4 4. Nce2 f6 5. d3 Ng5 6. d4 Nc6 7. Bxg5 fxg5 8.
Ng3 g6 9. Qd2 Bg7 10. c3 e6 11. h3 O-O 12. Bd3 Rf4 13. N3e2 Rf7 14. Nf3 Bh6 15.
h4 g4 16. Qxh6 gxf3 17. gxf3 Qf8 18. Qd2 Rxf3 19. h5 Ne7 20. hxg6 Nxg6 21. Rg1
Qf7 22. Bxg6 hxg6 23. Qh6 Qh7 24. Rxg6+ Kh8 25. Qg5 1-0

[Event "4NCL Division 2a"]
[Site "Birmingham, ENG ENG"]
[Date "2016.02.14"]
[Round "6.245"]
[White "Freeman, Richard C P"]
[Black "Kemp, Peter D"]
[Result "1/2-1/2"]
[WhiteElo "2018"]
[BlackElo "2158"]
[PlyCount "70"]
[EventDate "2016.02.14"]
[WhiteTeam "MK Phoenix 1"]
[BlackTeam "Celtic Tigers 1"]

1. f4 g6 2. Nf3 Bg7 3. Nc3 c5 4. e4 Nc6 5. Bb5 Na5 6. Be2 d6 7. d3 Nf6 8. O-O
O-O 9. Qe1 Rb8 10. a4 a6 11. f5 Nc6 12. Qh4 Ne5 13. Nxe5 dxe5 14. Rf3 gxf5 15.
exf5 Qd4+ 16. Qf2 Qxf2+ 17. Rxf2 e6 18. fxe6 Bxe6 19. Be3 Rbc8 20. h3 Nd5 21.
Nxd5 Bxd5 22. Bg4 Rc6 23. b3 e4 24. Rd1 exd3 25. Rxd3 Be4 26. Rd7 f5 27. Be2
Rcc8 28. Bc4+ Kh8 29. Bd5 Rfe8 30. Bf7 Red8 31. Rxd8+ Rxd8 32. Bxc5 Rd1+ 33.
Rf1 Rd2 34. Rf2 Rd1+ 35. Rf1 Rd2 1/2-1/2

[Event "4NCL Division 2a"]
[Site "Birmingham, ENG ENG"]
[Date "2016.02.14"]
[Round "6.246"]
[White "Quinn, John M"]
[Black "Smith, Graham"]
[Result "1/2-1/2"]
[WhiteElo "2125"]
[BlackElo "2015"]
[PlyCount "43"]
[EventDate "2016.02.14"]
[WhiteTeam "Celtic Tigers 1"]
[BlackTeam "MK Phoenix 1"]

1. d4 Nf6 2. c4 e6 3. Nc3 Bb4 4. Qc2 O-O 5. Nf3 Nc6 6. a3 Bxc3+ 7. Qxc3 Qe7 8.
e3 a5 9. b3 d6 10. Bb2 Re8 11. Be2 e5 12. O-O Bg4 13. Qc2 exd4 14. Nxd4 Nxd4
15. Bxd4 Bxe2 16. Qxe2 Nd7 17. Qb2 f6 18. Rad1 Ne5 19. Rd2 Qf7 20. Rc1 Qg6 21.
Bxe5 Rxe5 22. Rd4 1/2-1/2

[Event "4NCL Division 2a"]
[Site "Birmingham, ENG ENG"]
[Date "2016.02.14"]
[Round "6.247"]
[White "Lambourne, Dan M"]
[Black "Stevenson, James"]
[Result "0-1"]
[WhiteElo "1991"]
[BlackElo "2069"]
[PlyCount "108"]
[EventDate "2016.02.14"]
[WhiteTeam "MK Phoenix 1"]
[BlackTeam "Celtic Tigers 1"]

1. d4 Nf6 2. Nf3 g6 3. c4 Bg7 4. Nc3 d5 5. cxd5 Nxd5 6. e4 Nxc3 7. bxc3 c5 8.
Bb5+ Bd7 9. Bxd7+ Qxd7 10. O-O O-O 11. Bb2 cxd4 12. cxd4 Nc6 13. e5 Nb4 14. Qd2
Nd5 15. g3 Rac8 16. Rac1 b6 17. Nh4 Rc7 18. Rxc7 Nxc7 19. Qb4 Nd5 20. Qb3 Rc8
21. Rc1 Rxc1+ 22. Bxc1 Qc6 23. Bd2 b5 24. Ng2 e6 25. Ne3 Nb6 26. Qa3 Qd7 27.
Bc3 Bf8 28. Qb3 h5 29. Nc2 Nd5 30. Bb2 a5 31. a3 Qc6 32. h4 Bh6 33. Ne1 Nb6 34.
Bc3 a4 35. Qc2 Nc4 36. Bb4 Bf8 37. Bxf8 Kxf8 38. Qc3 Kg7 39. Qb4 Qe4 40. Qc3
Nxa3 41. Nd3 Nc4 42. Nc5 Qb1+ 43. Kg2 a3 44. Qf3 Qf5 45. Qa8 Nd2 46. Qxa3 Ne4
47. Nd3 Nd2 48. Qc3 Qf3+ 49. Kh2 Qe2 50. d5 Nf3+ 51. Kg2 Qxd3 52. Qxd3 Ne1+ 53.
Kf1 Nxd3 54. f4 exd5 0-1

[Event "4NCL Division 2a"]
[Site "Birmingham, ENG ENG"]
[Date "2016.02.14"]
[Round "6.248"]
[White "Robinson, Owen"]
[Black "Miller, Max C"]
[Result "1-0"]
[WhiteElo "1802"]
[BlackElo "1420"]
[PlyCount "111"]
[EventDate "2016.02.14"]
[WhiteTeam "Celtic Tigers 1"]
[BlackTeam "MK Phoenix 1"]

1. Nf3 d5 2. d4 Nc6 3. g3 Bg4 4. Bg2 Qd7 5. O-O f6 6. Nc3 e6 7. h3 Bxf3 8. exf3
Bb4 9. Ne2 Nge7 10. a3 Bd6 11. Re1 O-O-O 12. f4 Rdg8 13. Be3 Nf5 14. Qd3 Nxe3
15. Qxe3 Ne7 16. Nc3 Nf5 17. Qxe6 Qxe6 18. Rxe6 Nxd4 19. Bxd5 Nxc2 20. Rc1 Nd4
21. Re4 Nf3+ 22. Kg2 f5 23. Re3 Nd4 24. Bxg8 Rxg8 25. Rce1 Kd7 26. Rd1 Nc6 27.
Nb5 a6 28. Nxd6 cxd6 29. Red3 Rd8 30. Rxd6+ Kc7 31. Rxd8 Nxd8 32. g4 Ne6 33.
Kg3 fxg4 34. hxg4 Nc5 35. f3 Na4 36. Rd2 Kc6 37. Kf2 Kc5 38. Ke3 Kc4 39. Rd4+
Kb3 40. Rb4+ Ka2 41. Rxa4 Kxb2 42. Rb4+ Kxa3 43. Rxb7 a5 44. Rxg7 a4 45. Rxh7
Kb2 46. Ra7 a3 47. f5 a2 48. f6 a1=Q 49. Rxa1 Kxa1 50. f7 Kb1 51. f8=Q Kc1 52.
Qa3+ Kc2 53. Kd4 Kb1 54. Qc3 Ka2 55. Qb4 Ka1 56. Kc3 1-0